Helen Keller's teacher / (Record no. 6054)

MARC details
000 -LEADER
fixed length control field 00979nam a22003017a 4500
001 - CONTROL NUMBER
control field 6054
003 - CONTROL NUMBER IDENTIFIER
control field FISKH
005 - DATE AND TIME OF LATEST TRANSACTION
control field 20250310091532.0
008 - FIXED-LENGTH DATA ELEMENTS--GENERAL INFORMATION
fixed length control field 250303b cb ||||| |||| 00| 0 eng d
020 ## - INTERNATIONAL STANDARD BOOK NUMBER
International Standard Book Number 9780590446525
040 ## - CATALOGING SOURCE
Original cataloging agency FISKH
Language of cataloging eng
Transcribing agency FISKH
Modifying agency FISKH
050 ## - LIBRARY OF CONGRESS CALL NUMBER
Classification number HV1624.M3
082 ## - DEWEY DECIMAL CLASSIFICATION NUMBER
Classification number 371.911092
100 ## - MAIN ENTRY--PERSONAL NAME
Personal name Davidson, Margaret
Dates associated with a name (1936–)
245 ## - TITLE STATEMENT
Title Helen Keller's teacher /
Statement of responsibility, etc. Margaret Davidson ; Interior illustrations by Wayne Blickenstaff
250 ## - EDITION STATEMENT
Edition statement This edition first published in 1965
260 ## - PUBLICATION, DISTRIBUTION, ETC.
Place of publication, distribution, etc. New York :
Name of publisher, distributor, etc. Scholastic,
Date of publication, distribution, etc. 1965
300 ## - PHYSICAL DESCRIPTION
Extent 153 pages :
Other physical details illustrations ;
Dimensions 20 cm
505 ## - FORMATTED CONTENTS NOTE
Formatted contents note N<br/>
520 ## - SUMMARY, ETC.
Summary, etc. A brief biography of Helen Keller's teacher describing her childhood and life with her famous pupil.<br/>
521 8# - TARGET AUDIENCE NOTE
Target audience note 590<br/>
Source Lexile<br/>
521 8# - TARGET AUDIENCE NOTE
Target audience note N<br/>
Source Raz-Plus<br/>
650 ## - SUBJECT ADDED ENTRY--TOPICAL TERM
Source of heading or term Deaf-blind
Topical term or geographic name entry element Annie Sullivan
650 ## - SUBJECT ADDED ENTRY--TOPICAL TERM
Source of heading or term Sign language
Topical term or geographic name entry element Deaf
700 ## - ADDED ENTRY--PERSONAL NAME
Personal name Blickenstaff, Wayne
Dates associated with a name illustrator
942 ## - ADDED ENTRY ELEMENTS (KOHA)
Source of classification or shelving scheme Dewey Decimal Classification
Koha item type Books
Suppress in OPAC No
Holdings
Withdrawn status Lost status Source of classification or shelving scheme Damaged status Not for loan Collection Home library Current library Shelving location Date acquired Total Checkouts Full call number Barcode Date due Date last seen Date last checked out Copy number Price effective from Koha item type
    Dewey Decimal Classification     Juvenile Fiction Footprints International School Library Network Toul Tom Poung Campus Footprints International School Library Network Toul Tom Poung Campus TTP Primary Yellow Bookshelves 03/03/2025 1 DAV 371.911092 HV1624.M3 2025-0708 12/12/2025 11/28/2025 11/28/2025 1 03/03/2025 Books
    Dewey Decimal Classification     Juvenile Fiction Footprints International School Library Network Toul Tom Poung Campus Footprints International School Library Network Toul Tom Poung Campus TTP Primary Yellow Bookshelves 03/10/2025   DAV 371.911092 HV1624.M3 2025-0762   03/10/2025   2 03/10/2025 Books